Lenin for Beginners /
Gorde:
| Egile nagusia: | |
|---|---|
| Formatua: | Ezezaguna |
| Hizkuntza: | English |
| Argitaratua: |
New York :
Pantheon Books,
1978.
|
| Gaiak: | |
| Etiketak: |
Etiketa erantsi
Etiketarik gabe, Izan zaitez lehena erregistro honi etiketa jartzen!
|
MARC
| LEADER | 000000000a22000000004500 | ||
|---|---|---|---|
| 001 | 011341 | ||
| 041 | 0 | |a eng | |
| 082 | 0 | 4 | |a 947.084.109 |b A646l |
| 100 | 1 | |a Appignanesi, Richard | |
| 245 | 1 | 0 | |a Lenin for Beginners / |c Richard Appignanesi. |
| 260 | 1 | |a New York : |b Pantheon Books, |c 1978. | |
| 300 | |a 169 páginas | ||
| 500 | |a Colección George Yúdice | ||
| 650 | 4 | |a LENIN, VLADIMIR ILICH, 1870 - 1924 | |
| 650 | 4 | |a CARICATURAS | |
| 650 | 4 | |a UNION SOVIETICA | |
| 650 | 4 | |a HISTORIA | |
| 650 | 4 | |a REVOLUCION, 1917 - 1921 | |
| 650 | 4 | |a TIRAS COMICAS | |
| 650 | 4 | |a LIBROS COMICOS | |
| 650 | 4 | |a POLITICA Y GOBIERNO | |
| 650 | 4 | |a 1917-1936 | |
| 999 | |c 16638 |d 16638 | ||
| 942 | |c BK |h 947.084.109 A646l |2 z | ||
